Ekonomické podmienky roku 1991

Bibliographic Details
Format: Article
Language:Slovak
Subjects:

MARC

LEADER 00000nab a2200000 a 4500
001 vtls000403216
003 SK-MaSNL
005 20260303204553.0
008 120924c1991 xo 0 slo
015 |a SNBRB19rr/mm-uuuuu 
035 |a CL0403340 
040 |a SNKBUCL  |b slo  |c SNKBUCL  |e AACR2 
041 0 |a slo 
044 |a xo  |c SK 
080 |a 336.1/.5+336.74(437)  |2 1981 
080 |a 336.74(437)  |2 1981 
080 |a 336.74  |2 1981 
080 |a 354.21(437)  |2 1981 
245 0 0 |a Ekonomické podmienky roku 1991 
500 |a Pokračovanie v č. 13/1991. 
610 1 7 |a Československo.  |b Ministerstvo financií  |2 SNKKA  |9 230067 
650 0 7 |a ekonomika ČSFR  |2 snkbucl  |9 952588 
650 0 7 |a financie  |2 snkbucl  |9 2205 
650 0 7 |a mena  |2 snkbucl 
655 7 |a články z novín a časopisov  |2 snkbucl  |9 267496 
773 0 |t Slovenský denník  |g Roč. 2, č. 11 (14. 1. 1991), s. 5 
850 |a Slovenská národná knižnica v Martine  |a MTA001 
852 |a SNK  |b KIS3GCP 
958 |a RK 
992 |a RBX 
999 |c 2190608  |d 2192538